Miễn dịch học cơ sở

Khái niệm cơ bản về miến dịch học. Định nghĩa và khái niệm chung về kháng nguyên. Các kháng thể và thụ thể của kháng nguyên. Các phức hệ phù hợp tổ chức chủ yếu. Phản ứng kháng nguyên - kháng thể và các kỹ thuật hoá sinh miến dịch. Các cơ quan và tế bào của hệ miễn dịch, biệt hoá các chức năng.....

Descrición completa

Gardado en:
Detalles Bibliográficos
Autor Principal: Đỗ Ngọc Liên
Formato: Libro
Idioma:Vietnamese
Publicado: H. Đại học Quốc gia Hà Nội 2004
Những chủ đề:
Các nhãn: Engadir etiqueta
Sen Etiquetas, Sexa o primeiro en etiquetar este rexistro!
Thư viện lưu trữ: Mạng thư viện Đại học Đà Nẵng
LEADER 01442nam a2200337 4500
001 000009140
003 5335
005 20111025091056.0
008 111025s2004 viesd
020 |c 48300đ 
041 0 |a vie 
082 |a 571.9  |b ĐÔ-L 
100 0 |a Đỗ Ngọc Liên 
245 0 |a Miễn dịch học cơ sở  |c Đỗ Ngọc Liên 
260 |a H.  |b Đại học Quốc gia Hà Nội  |c 2004 
300 |a 340tr.  |b Hình vẽ  |c 24cm 
504 |a Thư mục: tr. 339-340 
520 |a Khái niệm cơ bản về miến dịch học. Định nghĩa và khái niệm chung về kháng nguyên. Các kháng thể và thụ thể của kháng nguyên. Các phức hệ phù hợp tổ chức chủ yếu. Phản ứng kháng nguyên - kháng thể và các kỹ thuật hoá sinh miến dịch. Các cơ quan và tế bào của hệ miễn dịch, biệt hoá các chức năng.. 
653 |a Y học 
653 |a Kháng nguyên 
653 |a Miến dịch học 
OWN |a LSP 
AVA |a UDN50  |b LSP  |d 571.9 ĐÔ-L  |e check_holdings  |t Error 5003 Not defined in file expand_doc_bib_avail.  |h N  |k 1 
999 |a From the UDN01 
AVA |a UDN50  |b LSP  |d 571.9 ĐÔ-L  |e available  |t Error 5001 Not defined in file expand_doc_bib_avail.  |f 30  |g 0  |h N  |i 24  |k 1 
TYP |a Monograph 
TYP |a Printed language 
980 |a Mạng thư viện Đại học Đà Nẵng